| 000 | 00562nam a22001817a 4500 | ||
|---|---|---|---|
| 003 | OSt | ||
| 005 | 20160316155417.0 | ||
| 008 | 160316b xxu||||| |||| 00| 0 eng d | ||
| 020 | _a0199826773 | ||
| 040 |
_aKabarak University Library _cKabarak University Library |
||
| 100 | _aHickey Maud | ||
| 245 |
_aMusic Outside the Lines _bIdeas for Composing in k-12 Music Classrooms |
||
| 260 |
_aUSA _bOXFORD university press _c2012 |
||
| 300 | _a168p. | ||
| 610 |
_aSchool music _xIntruction and study |
||
| 610 | _aComposition | ||
| 942 |
_2lcc _cBK _kMT155 .H53 2012 C.1 |
||
| 999 |
_c15789 _d15789 |
||